|
|
|
|
| LEADER |
02143cas a2200241 a 4500 |
| 001 |
AALejournalIMF007355 |
| 008 |
230101c9999 xx r poo 0 0eng d |
| 020 |
|
|
|c 5.00 USD
|
| 020 |
|
|
|z 9781451974010
|
| 022 |
|
|
|a 1934-7456
|
| 040 |
|
|
|a BD-DhAAL
|c BD-DhAAL
|
| 100 |
1 |
|
|a Bisat, Amer.
|
| 245 |
1 |
0 |
|a Ukraine's Gas Arrears :
|b Issues and Recommendations /
|c Amer Bisat.
|
| 264 |
|
1 |
|a Washington, D.C. :
|b International Monetary Fund,
|c 1996.
|
| 300 |
|
|
|a 1 online resource (33 pages)
|
| 490 |
1 |
|
|a IMF Policy Discussion Papers
|
| 500 |
|
|
|a <strong>Off-Campus Access:</strong> No User ID or Password Required
|
| 500 |
|
|
|a <strong>On-Campus Access:</strong> No User ID or Password Required
|
| 506 |
|
|
|a Electronic access restricted to authorized BRAC University faculty, staff and students
|
| 520 |
3 |
|
|a This paper discusses issues related to the gas arrears 'crisis' in Ukraine. It concludes that the problem, which can be traced to policy distortions, can be contained through an acceleration of structural reforms. The paper examines the nature of the contractual relations between Ukraine and its foreign suppliers; the role of the de facto government guarantee for gas import payments; the process of imposing financial discipline on non-payers; the nature of gas-related subsidy schemes; and the methods used in calculating domestic energy prices. An Appendix derives lessons from the Estonian case--an economy which, despite relatively similar initial conditions, avoided the emergence of energy payment difficulties. This is a Paper on Policy Analysis and Assessment and the author(s) would welcome any comments on the present text. Citations should refer to a Paper on Policy Analysis and Assessment of the International Monetary Fund, mentioning the author(s) and the date of issuance. The views expressed are those of the author(s) and do not necessarily represent those of the Fund.
|
| 538 |
|
|
|a Mode of access: Internet
|
| 830 |
|
0 |
|a IMF Policy Discussion Papers; Policy Discussion Paper ;
|v No. 1996/003
|
| 856 |
4 |
0 |
|z Full text available on IMF
|u http://elibrary.imf.org/view/journals/003/1996/003/003.1996.issue-003-en.xml
|z IMF e-Library
|